A cold Legacy : (Record no. 590)

MARC details
000 -LEADER
fixed length control field 00491nam a22001697a 4500
005 - DATE AND TIME OF LATEST TRANSACTION
control field 20230830142900.0
008 - FIXED-LENGTH DATA ELEMENTS--GENERAL INFORMATION
fixed length control field 230830b |||||||| |||| 00| 0 eng d
020 ## - INTERNATIONAL STANDARD BOOK NUMBER
International Standard Book Number 9780007500246
040 ## - CATALOGING SOURCE
Original cataloging agency KMU
Transcribing agency KMU
Modifying agency KMU
Description conventions rda
050 ## - LIBRARY OF CONGRESS CALL NUMBER
Classification number PS 3569.H47C62 She
100 ## - MAIN ENTRY--PERSONAL NAME
Personal name Shepherd, Megan
245 ## - TITLE STATEMENT
Title A cold Legacy :
Remainder of title What darkness began, only madness can end /
Statement of responsibility, etc. Shepherd, Megan
260 ## - PUBLICATION, DISTRIBUTION, ETC.
Place of publication, distribution, etc. London,
Name of publisher, distributor, etc. HarperVoyager,
Date of publication, distribution, etc. 2015.
300 ## - PHYSICAL DESCRIPTION
Extent 390 p. :
Dimensions 20 cm.
650 ## - SUBJECT ADDED ENTRY--TOPICAL TERM
Topical term or geographic name entry element Legacy.
942 ## - ADDED ENTRY ELEMENTS (KOHA)
Source of classification or shelving scheme Library of Congress Classification
Koha item type Fiction
Suppress in OPAC No
Holdings
Withdrawn status Lost status Source of classification or shelving scheme Damaged status Not for loan Collection Home library Current library Shelving location Date acquired Source of acquisition Total Checkouts Total Renewals Full call number Barcode Date last seen Date last checked out Price effective from Koha item type
    Library of Congress Classification     Fiction Kapasa Makasa University Kapasa Makasa University Open Access 30.08.2023 Book International Aid 5 2 PS 3569.H47C62 She 746819 13.09.2024 12.09.2024 30.08.2023 Fiction
    Library of Congress Classification     Fiction Kapasa Makasa University Kapasa Makasa University Open Access 30.08.2023 Book International Aid 2   PS 3569.H47C62 She 747770 03.10.2023 19.09.2023 30.08.2023 Fiction